Piłkarze Lazio - Statystyki

Ogólne statystyki
  • Ten quiz został rozwiązany 48 razy
    8 od ostatniego zresetowania
  • Średni wynik to 6 z 28
Statystyki odpowiedzi
Piłkarz Narodowość Pozycja % Poprawnych
Adam Marusic Czarnogóra Obrońca
71%
Ivan Provedel Włochy Bramkarz
71%
Boulaye Dia Senegal Napastnik
57%
Elseid Hysaj Albania Obrońca
57%
Mario Gila Hiszpania Obrońca
43%
Taty Castellanos Argentyna Napastnik
43%
Christos Mandas Grecja Bramkarz
29%
Fisayo Dele-Bashiru Nigeria Pomocnik
29%
Matías Vecino Urugwaj Pomocnik
29%
Mattia Zaccagni Włochy Napastnik
29%
Patric Hiszpania Obrońca
29%
Pedro Hiszpania Napastnik
29%
Tijjani Noslin Holandia Napastnik
29%
Alessio Romagnoli Włochy Obrońca
14%
Gustav Isaksen Dania Napastnik
14%
Mattéo Guendouzi Francja Pomocnik
14%
Nicolò Rovella Włochy Pomocnik
14%
Alessio Furlanetto Włochy Bramkarz
0%
Danilo Cataldi Włochy Pomocnik
0%
Dimitrije Kamenovic Serbia Obrońca
0%
Luca Pellegrini Włochy Obrońca
0%
Manuel Lazzari Włochy Obrońca
0%
Matteo Cancellieri Włochy Napastnik
0%
Nuno Tavares Portugalia Obrońca
0%
Oliver Provstgaard Dania Obrońca
0%
Reda Belahyane maroko pomocnik
0%
Samuel Gigot Francja Obrońca
0%
Toma Bašić Chorwacja Pomocnik
0%
Nie znaleziono quizów pasujących do podanych kryteriów
Rozkład punktacji
Procent ludzi z każdym wynikiem
Percentyl według liczby udzielonych odpowiedzi
Twoja historia wyników
Nie rozwiązałeś tego quizu od ostatniego zresetowania